Catalog

Record Details

Catalog Search



Whiplash  Cover Image Book Book

Whiplash / Catherine Coulter.

Summary:

Yale professor Dr. Edward Kender’s father is undergoing chemotherapy when the supply of a critical accompanying drug suddenly runs out. Unwilling to accept the drug company’s disingenuous excuse of production line problems, Dr. Kender hires private investigator Erin Pulask to prove there is something more sinister going on at Schiffer Engel’s manufacturing facility in Indiana. Pulaski uncovers a bombshell – Schiffer Engel’s intentional shortage is bringing in a windfall profit in excess of two billion dollars. When a top Schiffer Engel employee shows up viciously murdered behind the U.S. headquarters, Sherlock and Savich are called in to lend a hand. The murder of a foreign national on federal land can only mean the German drug company has a secret of epic proportions.

Record details

  • ISBN: 9780399156533 (hardcover)
  • ISBN: 0399156534 (hardcover)
  • Physical Description: 402 pages ; 24 cm.
  • Publisher: New York : G.P. Putnam's Sons, ©2010.
Subject: United States. Federal Bureau of Investigation > Fiction.
Savich, Dillon (Fictitious character) > Fiction.
Sherlock, Lacey (Fictitious character) > Fiction.
Murder > Investigation > Fiction.
Apparitions > Fiction.
Pharmaceutical industry > Corrupt practices > Fiction.
Ghosts > Fiction.
Secrets > Fiction.
Maryland > Fiction.
Connecticut > Fiction.
Suspense fiction.
Genre: Thrillers (Fiction)

Available copies

  • 1 of 1 copy available at scottsboropl.

Holds

  • 0 current holds with 1 total copy.
Show All Copies
Location Call Number / Copy Notes Barcode Shelving Location Status Due Date
scottsboropl F Cou 32269000858954 Storage - Adult Available -

LDR 01712pam a2200397 a 4500
001117991
003SBPL
00520220815183434.0
008100310s2010 nyu 000 1 eng
010 . ‡a 2010009114
020 . ‡a9780399156533 (hardcover)
020 . ‡a0399156534 (hardcover)
035 . ‡a(CONS)117991
035 . ‡a(CPomAG)LMN316623
043 . ‡an-us-md ‡an-us-ct
05000. ‡aPS3553.O843 ‡bW47 2010
08200. ‡a813/.54 ‡222
1001 . ‡aCoulter, Catherine.
24510. ‡aWhiplash / ‡cCatherine Coulter.
260 . ‡aNew York : ‡bG.P. Putnam's Sons, ‡c©2010.
300 . ‡a402 pages ; ‡c24 cm.
336 . ‡atext ‡btxt ‡2rdacontent
337 . ‡aunmediated ‡bn ‡2rdamedia
338 . ‡avolume ‡bnc ‡2rdacarrier
4901 . ‡aFBI thriller ; ‡v Bk 14
520 . ‡aYale professor Dr. Edward Kender’s father is undergoing chemotherapy when the supply of a critical accompanying drug suddenly runs out. Unwilling to accept the drug company’s disingenuous excuse of production line problems, Dr. Kender hires private investigator Erin Pulask to prove there is something more sinister going on at Schiffer Engel’s manufacturing facility in Indiana. Pulaski uncovers a bombshell – Schiffer Engel’s intentional shortage is bringing in a windfall profit in excess of two billion dollars. When a top Schiffer Engel employee shows up viciously murdered behind the U.S. headquarters, Sherlock and Savich are called in to lend a hand. The murder of a foreign national on federal land can only mean the German drug company has a secret of epic proportions.
61010. ‡aUnited States. ‡bFederal Bureau of Investigation ‡vFiction.
650 0. ‡aSavich, Dillon (Fictitious character) ‡vFiction.
650 0. ‡aSherlock, Lacey (Fictitious character) ‡vFiction.
650 0. ‡aMurder ‡xInvestigation ‡vFiction.
650 0. ‡aApparitions ‡vFiction.
650 0. ‡aPharmaceutical industry ‡xCorrupt practices ‡vFiction.
650 1. ‡aGhosts ‡vFiction.
650 1. ‡aSecrets ‡vFiction.
651 0. ‡aMaryland ‡vFiction.
651 0. ‡aConnecticut ‡vFiction.
650 0. ‡aSuspense fiction.
655 7. ‡aThrillers (Fiction) ‡2lcgft
8001 . ‡aCoulter, Catherine. ‡tFBI thrillers ; ‡v Bk 14
901 . ‡a117991 ‡bUnknown ‡c117991 ‡tbiblio

Additional Resources